Everything Has Changed - Taylor Swift & Ed Sheeran - Statistics

General Stats
  • This quiz has been taken 1,001 times
  • The average score is 378 of 434
Answer Stats
Everything Has Changed % Correct
a
100%
I
100%
Outro | Verse 1 All
98%
all
98%
know
98%
Know
98%
you
98%
And
97%
and
97%
changed
97%
Everything
97%
everything
97%
has
97%
Is
96%
is
96%
be
95%
the
94%
The
94%
when
94%
your
94%
like
92%
eyes
90%
now
90%
me
89%
just
88%
home
87%
better
86%
coming
86%
look
86%
wanna
86%
I'll
85%
said
85%
Hello
84%
In
84%
in
84%
So
84%
door
83%
my
83%
since
83%
this
83%
feel
82%
You'll
82%
mine
81%
yesterday
81%
yours
81%
simple
80%
Chorus Cause
79%
didn't
79%
for
79%
before
78%
held
78%
morning
78%
something
78%
we
78%
woke
78%
back
76%
knew
76%
mind
76%
I've
75%
making
74%
of
74%
that
73%
time
73%
up
72%
ago
71%
hours
70%
smile
70%
18
69%
freckles
69%
butterflies
67%
blue
65%
green
65%
it's
65%
seen
65%
stomach
65%
name
62%
open
62%
Bridge Come
60%
beautiful
59%
down
59%
tell
59%
why
59%
painted
58%
kind
57%
I'm
56%
not
56%
there
56%
missed
55%
take
55%
walls
55%
lost
53%
rain
53%
feeling
52%
pouring
52%
tonight
52%
em'
51%
let
51%
tall
51%
meet
48%
Taking
46%
stood
44%
new
40%
flight
39%
found
38%
off
37%
face
35%
highest
34%
dust
33%
grace
31%
days
30%
hopes
30%
right
19%
No matching quizzes found
Score Distribution
Percent of People with Each Score
Percentile by Number Answered
Your Score History
You have not taken this quiz